000 00607nam a2200205Ia 4500
005 20250923145625.0
008 008 250917s9999 xx 000 0 eng d
037 _aTextual
040 _aDSWL
_beng
_cDSWL
041 _aeng
_2eng
084 _aG:55, N77
_qDSWL
100 _aWatt, K.E.F.
_9837290
245 4 _aThe unsteady state : environmental problems , growth and culture
_c by K.E.F.Watt
260 _aHonolulu
_bAn East West Centre Books
_c1977
300 _axi,287 p.
365 _aINR
_b128.20
925 _g128.20
942 _cTEXL
_hG:55, N77
999 _c1453608
_d1453608